| 000 | 00360nam a22001577a 4500 | ||
|---|---|---|---|
| 003 | SGT | ||
| 020 | _a9788131248720 | ||
| 082 |
_a615.321 _bP17S |
||
| 100 | _aTara V Shanbhag | ||
| 245 | _aPharmacology For Dentistry | ||
| 250 | _a3RD | ||
| 260 |
_aNEW DELHI _b Elsevier India Pvt.Ltd _c2017 |
||
| 300 | _a417 | ||
| 650 | _aPharmacology | ||
| 942 |
_2ddc _cBK _046 |
||
| 999 |
_c15546 _d15546 |
||